| 000 | 01117nam a22002657a 4500 | ||
|---|---|---|---|
| 001 | BD-DhSAU 8726 | ||
| 003 | BD-DhSAU | ||
| 005 | 20181217114042.0 | ||
| 008 | 150613b2010 bg a|||| m||| 00| 0 eng d | ||
| 040 | _aBD-DhSAU | ||
| 082 |
_222 _a595.7 _bA1107 |
||
| 100 |
_aMahmud-Al-Parvez _eRegistration # 08-3276 |
||
| 245 |
_aEvaluation of some selected botanicals and chemical insecticides for the management of brinjal shoot and fruit borer (leucinodes orbonalis guenee) / _bMS thesis _cMahmud-Al-Parvez |
||
| 260 |
_aSher-e-Bangla Agricultural University : _bDepartment of Entomology, _c2010. |
||
| 300 |
_avii, 82 p. : _bill. ; _c29 cm. |
||
| 500 | _aMS thesis of Department of Entomology, Faculty of Agriculture, Sher-e-Bangla Agricultural University, Dhaka, Bangladesh | ||
| 504 | _aIncludes bibliographical reference. | ||
| 590 | _aJerin | ||
| 650 | _aEntomology | ||
| 650 | _aInsecticides | ||
| 700 |
_aBegum, Jahanara _eSuperviser |
||
| 700 |
_aIslam, Md. Rashedul _eCo-superviser |
||
| 856 | _uhttp://archive.saulibrary.edu.bd:8080/xmlui/handle/123456789/1253 | ||
| 942 |
_2ddc _cTHESIS |
||
| 999 |
_c8726 _d8726 |
||